|
|
|
|
| LEADER |
00000nas a2200000 a 4500 |
| 001 |
ssj0012396 |
| 003 |
WaSeSS |
| 005 |
20200512172242.0 |
| 006 |
m d |
| 007 |
cr n |
| 008 |
000705c19919999nyufr p s 0 a0eng |
| 010 |
|
|
|a 2013274205
|
| 022 |
|
|
|a 2332-4244
|y 1531-6076
|
| 035 |
|
|
|a (WaSeSS)ssj0012396
|
| 037 |
|
|
|b JSTOR, 301 E. Liberty St. Suite 400, Ann Arbor, MI 48104
|
| 040 |
|
|
|a HNK
|b eng
|e pn
|c HNK
|d OCLCQ
|d EYM
|d OCLCQ
|d TXJ
|d QE2
|d OCLCQ
|d EYM
|d DLC
|d OCLCF
|d OCLCO
|d OCLCQ
|d AUD
|d WaSeSS
|
| 042 |
|
|
|a pcc
|a nsdp
|
| 050 |
1 |
4 |
|a HG8011
|b .J646
|
| 082 |
0 |
0 |
|a 368
|2 23
|
| 130 |
0 |
|
|a Journal of insurance issues (Online)
|
| 222 |
|
0 |
|a Journal of insurance issues
|b (Online)
|
| 245 |
1 |
0 |
|a Journal of insurance issues
|h [electronic resource].
|
| 260 |
|
|
|a Mississippi State, MS :
|b Western Risk and Insurance Association,
|c 1991-
|
| 310 |
|
|
|a Semiannual
|
| 362 |
1 |
|
|a Began with v. 14, no. 1 (Jan. 1991).
|
| 500 |
|
|
|a Place of publication varies; published New York, N.Y., 2011-
|
| 506 |
|
|
|a License restrictions may limit access.
|
| 538 |
|
|
|a Mode of access: World Wide Web.
|
| 550 |
|
|
|a Official publication of the Western Risk and Insurance Association, 1991-2010; jointly sponsored by the Western Risk and Insurance Association and the Southern Risk and Insurance Association, spring 2011-
|
| 588 |
|
|
|a Description based on: Vol. 14, no. 1 (Jan. 1991); title from PDF cover (JSTOR, viewed Nov. 22, 2013).
|
| 588 |
|
|
|a Latest issue consulted: Vol. 36, no. 1 (spring 2013) (JSTOR, viewed Nov. 26, 2013).
|
| 650 |
|
0 |
|a Insurance
|v Periodicals.
|
| 650 |
|
0 |
|a Risk (Insurance)
|v Periodicals.
|
| 650 |
|
7 |
|a Insurance.
|2 fast
|0 (OCoLC)fst00974532
|
| 650 |
|
7 |
|a Risk (Insurance)
|2 fast
|0 (OCoLC)fst01098134
|
| 655 |
|
0 |
|a Electronic journals.
|
| 710 |
2 |
|
|a Western Risk and Insurance Association.
|
| 710 |
2 |
|
|a Southern Risk and Insurance Association.
|
| 776 |
0 |
8 |
|i Print version:
|t Journal of insurance issues
|x 1531-6076
|w (DLC)sn 91024261
|w (OCoLC)23446016
|
| 780 |
0 |
0 |
|t Journal of insurance issues and practices
|x 2332-4236
|w (DLC) 2013274204
|w (OCoLC)709438485
|
| 856 |
4 |
0 |
|z Full text available from Research Library: 04/01/1999 to present
|u https://search.proquest.com/publication/36742
|